Hacia la conceptualización del cuidado: familia, mercado y estado /

Shranjeno v:
Bibliografske podrobnosti
Glavni avtor: Esquivel, Valeria
Drugi avtorji: Faur, Eleonor, Jelin, Elizabeth
Format: Texto
Oznake: Označite
Brez oznak, prvi označite!

MARC

LEADER 00000 a a2200000 04500
001 46329
003
040
100 |a Esquivel, Valeria  
245 |a Hacia la conceptualización del cuidado:   |b familia, mercado y estado /  |c Valeria Esquivel, Eleonor Faur, Elizabeth Jelin  
700 |a Faur, Eleonor  
700 |a Jelin, Elizabeth  
773 |g páginas 11-43  
999 |c 23283  |d 23283